The Bahamas : Statistical Appendix.

This report provides the details of the IMF's projections and estimates of The Bahamas on generation and sale of electricity; central government revenue and expenditure; summary central government operations; operations of the nonfinancial public sector; accounts of the financial system; accoun...

Πλήρης περιγραφή

Λεπτομέρειες βιβλιογραφικής εγγραφής
Συγγραφή απο Οργανισμό/Αρχή: International Monetary Fund
Μορφή: Επιστημονικό περιοδικό
Γλώσσα:English
Έκδοση: Washington, D.C. : International Monetary Fund, 2003.
Σειρά:IMF Staff Country Reports; Country Report ; No. 2003/221
Διαθέσιμο Online:Full text available on IMF
LEADER 01707cas a2200241 a 4500
001 AALejournalIMF008486
008 230101c9999 xx r poo 0 0eng d
020 |c 5.00 USD 
020 |z 9781451804706 
022 |a 1934-7685 
040 |a BD-DhAAL  |c BD-DhAAL 
110 2 |a International Monetary Fund. 
245 1 4 |a The Bahamas :   |b Statistical Appendix. 
264 1 |a Washington, D.C. :  |b International Monetary Fund,  |c 2003. 
300 |a 1 online resource (31 pages) 
490 1 |a IMF Staff Country Reports 
500 |a <strong>Off-Campus Access:</strong> No User ID or Password Required 
500 |a <strong>On-Campus Access:</strong> No User ID or Password Required 
506 |a Electronic access restricted to authorized BRAC University faculty, staff and students 
520 3 |a This report provides the details of the IMF's projections and estimates of The Bahamas on generation and sale of electricity; central government revenue and expenditure; summary central government operations; operations of the nonfinancial public sector; accounts of the financial system; accounts of the central bank, commercial banks, and other local financial institutions; loans and advances of commercial banks; liquidity positions of commercial banks; selected interest rates; balance of payments; composition of merchandise exports and imports; external public debt and debt service; comparative real exchange rate; operations of the National Insurance Board (NIB), and so on. 
538 |a Mode of access: Internet 
830 0 |a IMF Staff Country Reports; Country Report ;  |v No. 2003/221 
856 4 0 |z Full text available on IMF  |u http://elibrary.imf.org/view/journals/002/2003/221/002.2003.issue-221-en.xml  |z IMF e-Library